00964nam a2200205 a 450000100100000000500170001000800410002704000250006808200160009324500960010926000330020530000440023870000270028271000690030904900090037895201200038795201200050795201140062799900170074100003801420250221073755.0110406s2009 dr a 000 0 spa d aDO-SdBNPbspacBNPHU axxxxbB142m04aLas migraciones internacionales en la República Dominicana (1997-2002) /cCristina Massa. aSanto Domingo :bONE,c2009. a74 p. :bil., gráf., retrs. ;c27 cm.1 aMassa, Cristina9644141 aRepública Dominicana.bOficina Nacional de Estadística95775 aBNPD 0010718DSaGRbGRcCTd2013-03-12iLF1l0oxxxx B142mp38014-20r2020-06-25te. 3w2020-06-25yLFDSZNo se presta 0010718PDaPDbPDcCTd2013-03-12iLF1l0oxxxx B142mp38014-10r2020-06-25te. 2w2020-06-25yLFPDZNo se presta 0010718PDaPDbPDcCTd2013-03-12iLF1l0oxxxx B142mp38014-30r2020-06-25w2020-06-25yLFPDZNo se presta c37504d37504